=LDR 00000nam 2200000 4500 =001 INLIS000000000031911 =005 20161103114334.0 =006 =007 =008 ind =035 ##$$0010-061300000031911 =041 ##$$a ind =082 ##$$a 372.3 =090 ##$$a 372.3, Rah e =100 ##$$a RAHMATIA, Diah =245 ##$$a Ensiklopedia IPA buku 6, Lingkungan Hidup, Diah Rahmatia, Pipit pitriana =260 ##$$a Ganeca Exact $b Jakarta =300 ##$$a 32 hlm, illus, 30 cm =650 ##$$a PENDIDIKAN DASAR - LINGKUNGAN HIDUP =700 ##$$a PITRIANA, Pipit =850 ##$$a NBPNMAT =990 ##$$a 0001/BPAP-NTB/2016